000 00381nam a2200133Ia 4500
005 20260326235448.0
008 260326s9999||||xx |||||||||||||| ||und||
100 _aHawkins, Donald E.
245 4 _aThe Ecolodge Sourcebook :
_b For Planners and Developers /
_cDonald E. Hawkins
260 _bThe Ecotourism Society
300 _a151 p.
650 _aARQUITECTURA Y CLIMA
942 _cBK
999 _c7644
_d7644